Wacky trees / (Record no. 342398)
[ view plain ]
| 000 -LEADER | |
|---|---|
| fixed length control field | 00439nam a2200193Ia 4500 |
| 008 - FIXED-LENGTH DATA ELEMENTS--GENERAL INFORMATION | |
| fixed length control field | 170918s9999 xx 000 0 und d |
| 020 ## - INTERNATIONAL STANDARD BOOK NUMBER | |
| International Standard Book Number | 9780531162460 |
| 050 ## - LIBRARY OF CONGRESS CALL NUMBER | |
| Item number | S729 2003 |
| 100 ## - MAIN ENTRY--PERSONAL NAME | |
| Personal name | Souza, D. M. |
| 245 ## - TITLE STATEMENT | |
| Title | Wacky trees / |
| 245 ## - TITLE STATEMENT | |
| Statement of responsibility, etc | D. M. Souza. |
| 260 ## - PUBLICATION, DISTRIBUTION, ETC. (IMPRINT) | |
| Place of publication, distribution, etc | New York : |
| 260 ## - PUBLICATION, DISTRIBUTION, ETC. (IMPRINT) | |
| Name of publisher, distributor, etc | Scholastic, |
| 260 ## - PUBLICATION, DISTRIBUTION, ETC. (IMPRINT) | |
| Date of publication, distribution, etc | 2003 |
| 300 ## - PHYSICAL DESCRIPTION | |
| Extent | 63 pages : |
| 300 ## - PHYSICAL DESCRIPTION | |
| Other physical details | colored illustration ; |
| 300 ## - PHYSICAL DESCRIPTION | |
| Dimensions | 24cm. |
| 500 ## - GENERAL NOTE | |
| General note | 1090 |
| Withdrawn status | Lost status | Damaged status | Home library | Current library | Date acquired | Total Checkouts | Full call number | Barcode | Date last seen | Price effective from | Koha item type |
|---|---|---|---|---|---|---|---|---|---|---|---|
| Stonyhurst Southville International School (Malarayat) | Stonyhurst Southville International School (Malarayat) | 09/18/2017 | LEX S729 2003 | SSISM1470 | 09/18/2017 | 09/18/2017 | Lexile |